|
|
|
|
| LEADER |
00000nam0a2200000 4500 |
| 001 |
375395 |
| 005 |
20231101051545.0 |
| 010 |
|
|
|a 5020141577
|
| 035 |
|
|
|a (RuTPU)RU\TPU\retro\32834
|
| 035 |
|
|
|a RU\TPU\book\226780
|
| 090 |
|
|
|a 375395
|
| 100 |
|
|
|a 20221220d1989 k y0rusy50 ca
|
| 101 |
0 |
|
|a rus
|
| 102 |
|
|
|a RU
|
| 105 |
|
|
|a a z 001zy
|
| 200 |
1 |
|
|a Моделирование колебательных спектров сложных соединений на ЭВМ
|f Л. А. Грибов, В. А. Дементьев
|
| 210 |
|
|
|a Москва
|c Наука
|d 1989
|
| 215 |
|
|
|a 160 с.
|c ил.
|
| 320 |
|
|
|a Библиогр.: с. 157.
|
| 610 |
1 |
|
|a ЭВМ
|
| 610 |
1 |
|
|a электронные вычислительные машины
|
| 610 |
1 |
|
|a моделирование
|
| 610 |
1 |
|
|a сложные соединения
|
| 610 |
1 |
|
|a задачи
|
| 610 |
1 |
|
|a колебательные спектры
|
| 675 |
|
|
|a 539.194(075.8)
|v 3
|
| 700 |
|
1 |
|a Грибов
|b Л. А.
|g Лев Александрович
|
| 701 |
|
1 |
|a Дементьев
|b В. А.
|g Василий Александрович
|
| 801 |
|
1 |
|a RU
|b 63413507
|c 20120127
|
| 801 |
|
2 |
|a RU
|b 63413507
|c 20221220
|g RCR
|
| 942 |
|
|
|c BK
|